000 00295nam a22001337a 4500
008 170227b xxu||||| |||| 00| 0 eng d
020 _a9780131476059
041 _aeng
080 _24th
_a577
100 _a5
101 _ashmb
245 _aPRINCIPLES OF BIOCHEMISTRY
_cHORTON
942 _2udc
_cBK
999 _c6343
_d6343